00901cam a2200253u 450000100060000000300080000600500170001400800390003103500190007004000330008904100080012208200220013010000520015224500670020425000120027126000580028330000510034150400200039265000310041265000350044394200120047899900170049095201400050714375BD-RjUL20211208235621.0140205t1930 nyua 001 0 eng a(BD-RjUL)14427 aDLCcCarPdDLCdBD-RjULbeng aeng04216a621bGOM 19301 aGoodman, John,d1862- [from old catalog]94485510aMechanics applied to engineering /cby john Goodman.nVolume-1 a9th ed. aNew York ;aLondon :bLongmans, Green and co.,c1930. aV-1 (viii, 853 p.) :billus. diagrs. ;c19 cm. aincludes index. 0aMechanics, Applied.927188 0aMechanical engineering.944856 2ddccBK c14375d14375 00102ddc3V-140718NFICaRUCLbRUCLcReadingd1976-06-24eAsia Foundationl0o621 GOM 1930r2014-02-05 00:00:00tC-1w2014-02-05yBK